| 000 | 00730nam a2200241 a 4500 | ||
|---|---|---|---|
| 001 | BRL_955 | ||
| 005 | 20190320210953.0 | ||
| 008 | 281013s1962----ag-a######---#000-0#ger-# | ||
| 041 | _ager | ||
| 044 | _agw | ||
| 050 | 4 |
_aNK8801.5.A4 _b.B67 1962 |
|
| 100 | 1 |
_aBossert, Helmuth Theodor _925437 |
|
| 245 | 1 | 0 |
_aOrnamente der Volkskunst _bGewebe, Teppiche, Stickereien _cH. TH. Bossert. |
| 260 |
_aTübingen _bErnst Wasmuth _c1962 |
||
| 300 |
_a21 p. _bil., 40 láminas _c36 cm. |
||
| 500 | _aAu1018 | ||
| 650 | 1 | 4 |
_aTextiles _zAlemania _925438 |
| 650 | 1 | 4 |
_aDecoración y ornamentación _zAlemania _914168 |
| 650 | 1 | 4 |
_aIndumentaria _zAlemania _925439 |
| 650 | 1 | 4 |
_aArte decorativo _zAlemania _925440 |
| 902 | _aGRL | ||
| 942 |
_2lcc _cB |
||
| 999 |
_c9767 _d9767 |
||